00786nam a2200217 a 450000100100000000500170001000800410002702000150006804000250008308200210010810000300012924500940015926000530025330000270030649000440033360000340037765100550041165100370046670000260050383000390052900002479020240302073957.0110204s2000 dr a 000 0 spa d a9993483435 aDO-SdBNPbspacBNPHU a923.57293bG633C1 aCassá, Roberto, d1948-10aMáximo Gómez :blibertador de Cuba /cRoberto Cassá ; ilustración Ramiro Manzano. aSanto Domingo :bTobogán,c2000.fAlfa y Omega a65 p. :bil. ;c21 cm.1 aBibliografías dominicanas Tobogán ;10aGómez, Máximo,d1836-1905 1aCubaxHistoriayGUERRA DE INDEPENDENCIA, 1895-1898 4aRepública DominicanaxHistoria1 aManzano, Ramiro,eil. 0aBiografías dominicanas Tobogán